[Event "World Women-ch k.o."]
[Site "Teheran"]
[Date "2017.02.25"]
[Round "5.9"]
[White "Harika, Dronavalli"]
[Black "Tan, Zhongyi"]
[Result "0-1"]
[WhiteElo "2539"]
[BlackElo "2502"]
[Annotator "Silver,A"]
[PlyCount "197"]
[EventDate "2017.02.11"]
[EventType "k.o."]
[EventRounds "7"]
[EventCountry "IRI"]
[SourceTitle "CBM 177"]
[Source "ChessBase"]
[SourceDate "2017.03.16"]
[SourceVersion "1"]
[SourceVersionDate "2017.03.16"]
[SourceQuality "1"]

1. Nf3 d5 2. g3 e6 3. Bg2 Nf6 4. O-O Be7 5. d3 b6 6. Nbd2 Bb7 7. Re1 Nbd7 8. c3
O-O 9. Qc2 Re8 10. b3 a5 11. a4 e5 12. Bb2 c5 13. e4 d4 14. Nc4 Bf8 15. h3 Ba6
16. Ncd2 Rc8 17. c4 g6 18. Rf1 Bh6 19. Rae1 Rf8 20. Bc1 Qc7 21. Nh2 Rce8 22.
Kh1 Kh8 23. Ndf3 Bg7 24. Bd2 Bc8 25. Qc1 Ng8 26. Nh4 Bf6 27. Bg5 Bxg5 28. Qxg5
Qd8 29. Qd2 Ndf6 30. N4f3 Nh5 31. Ng4 Nhf6 32. Nfxe5 Nxg4 33. Nxg4 Bxg4 34.
hxg4 Nf6 35. g5 Ng4 36. Bh3 Ne5 37. f4 Nc6 38. Kg2 Kg7 39. Bg4 Rh8 40. Bf3 h6
41. gxh6+ Rxh6 42. Rh1 Reh8 43. e5 Rxh1 44. Rxh1 Rxh1 45. Kxh1 Qd7 46. Kg2 Ne7
47. Be4 Nf5 48. Bxf5 Qxf5 49. Qe2 g5 50. Qf3 g4 51. Qf1 Qh5 52. Kf2 Qh7 53. Kg1
f6 54. Qe2 Qh3 55. exf6+ Kxf6 56. Qe5+ Kf7 {Both players still had over 2
minutes here. There is no argument as to the stress and nerves in the
situation.} 57. Qe1 ({However, White had a two move win here with} 57. Qd5+ Ke7
(57... Ke8 58. Qe6+ Kd8 59. Qf6+ Kd7 60. Qh4) 58. Qg5+ Ke6 59. Qh4 {and after
the queen exchange, there is no hope left.}) 57... Kf6 58. Qe5+ Kf7 {The same
win is on the board once more.} 59. f5 Qh6 {Black threatens to invade with the
queen, but White could stop it easily enough.} 60. Qc7+ (60. Qf4 $1 {and the
pawn endgame after} Qxf4 61. gxf4 {is simple.} Kf6 (61... Kg7 62. Kg2 Kf6 63.
Kf2 $1 Ke7 64. Kg3 {and it is game over.}) 62. Kg2 Kxf5 63. Kg3 $18) 60... Ke8
61. Qb8+ (61. Qf4 $1) 61... Kf7 62. Qc7+ (62. Qf4) 62... Kf8 63. Qd8+ Kf7 64.
Qc7+ Kf8 65. Qf4 Qh3 66. Qd6+ Kf7 67. Qe6+ Kf8 68. Qd6+ (68. Qf6+ Kg8 69. Qh4 {
was 1-0}) 68... Kf7 69. f6 $4 {A tragic blunder that throws the win clean away.
Now, only a miracle can save her match.} Qh6 70. Qe7+ Kg6 {And the problem is
now clear. There is no f7-advance of the pawn since the black queen will rain
checks on the white king, and if the queens are exchanged to put an end to
that, ...Kxf7 is a draw.} 71. Qe4+ Kxf6 72. Qc6+ Kg7 73. Qd7+ Kf8 74. Qc8+ Kf7
75. Qf5+ {White is in desperation mode since a draw is a loss, and therefore
has nothing to lose. It is all or nothing} Ke7 76. Qe5+ Kf7 77. Qd5+ Ke7 78.
Qe4+ Kf7 79. Qxg4 Qe3+ 80. Kg2 Qxd3 81. Qf4+ Ke6 82. Qg4+ Kd6 83. Qf4+ Kc6 84.
g4 Qc2+ 85. Kg3 d3 86. Qe4+ Kc7 87. g5 Qxb3 88. Qf4+ Kb7 89. Qf3+ Kc7 90. g6
Qxc4 91. Qe3 Qg8 92. Qf4+ Kc6 93. Qe4+ Kc7 94. Qxd3 c4 95. Qf5 c3 96. Qf7+ Qxf7
97. gxf7 c2 98. f8=Q c1=Q 99. Qe7+ 0-1

[Event "Belgrade GMA op"]
[Site "Belgrade"]
[Date "1988.??.??"]
[Round "?"]
[White "Taimanov, Mark E"]
[Black "Kudrin, Sergey"]
[Result "1-0"]
[WhiteElo "2480"]
[BlackElo "2545"]
[Annotator "Taimanov,M"]
[PlyCount "153"]
[EventDate "1988.12.??"]
[EventType "swiss"]
[EventRounds "9"]
[EventCountry "YUG"]
[SourceTitle "TD"]
[Source "ChessBase"]
[SourceDate "1994.03.01"]
[SourceVersion "1"]
[SourceVersionDate "1994.03.01"]
[SourceQuality "1"]

1. Nf3 {Taimanov,M. Taimanov,M} c5 2. b3 b6 3. Bb2 Bb7 4. e3 Nf6 5. d4 e6 6.
Bd3 cxd4 (6... d5 7. O-O Be7) 7. exd4 Bb4+ 8. Nbd2 $6 (8. c3 Be7 9. O-O O-O 10.
c4 $14) 8... Nd5 $5 9. a3 (9. O-O Nf4 10. Nc4 (10. Be4 $6 d5 $17) 10... O-O 11.
a3 Be7 $10) 9... Bc3 10. Bxc3 Nxc3 11. Qc1 Qc7 12. O-O Nc6 (12... O-O $5) 13.
Re1 Ne7 14. Ne5 Rc8 (14... f6 $5 15. Nec4 b5 16. Ne3 O-O $15) 15. Nb1 $5 O-O (
15... Ned5 $6 16. Nxc3 Nxc3 17. Qg5 O-O 18. Re3 $40) 16. Nxc3 Qxc3 17. Qe3 (17.
Nxd7 $4 Qc6 $19) 17... Nd5 18. Qe4 f5 19. Qh4 Rf6 20. Rad1 (20. Nxd7 $6 Rh6 21.
Qg3 Rg6 22. Qd6 Qxd4 $17) 20... Rh6 21. Qg3 Qc7 $6 (21... Nf6 $5) 22. c4 Nc3 (
22... Nf6 $6 23. d5 $1 $16) 23. Rc1 Ne4 24. Bxe4 Bxe4 25. f3 Bb7 26. c5 $1 Rf6
(26... d6 27. Nd3 $16) 27. b4 d6 28. Nd3 dxc5 29. Qxc7 Rxc7 30. dxc5 bxc5 31.
Rxc5 Rxc5 32. Nxc5 Bd5 33. Kf2 $6 (33. f4 $16 {xe6}) 33... g5 $6 (33... f4 $1)
34. Rc1 Rf7 (34... f4 35. Nd7 Rf7 36. Rc7 a6 (36... Kg7 37. b5 $1 $18) 37. a4
$18) 35. Nd3 Rb7 36. Rc5 Kf7 37. g3 Ke7 38. f4 h6 39. Ke3 Kd6 40. Ra5 $5 Rc7
41. Ra6+ Ke7 42. Nc5 Bc4 43. Ra5 Kf6 44. Kd4 Bf1 45. b5 Bg2 46. Ra6 Bd5 47. a4
gxf4 48. gxf4 h5 (48... Rg7 49. a5 Rg4 50. Nd3) 49. a5 h4 50. b6 axb6 51. axb6
Rg7 52. Ra7 Rg1 (52... Rg2 53. Nd3 Rxh2 54. Ne5 $18) 53. b7 Bxb7 (53... Rb1 54.
b8=Q Rxb8 55. Nd7+) 54. Rxb7 Rg2 55. Nd7+ Kg6 56. Ne5+ Kh6 57. Nf3 $6 (57. Re7
$18) 57... Re2 58. Re7 $2 (58. Rb4 $18) 58... Kh5 59. Kd3 Re4 60. Ne5 Rxf4 61.
Rxe6 Rf2 $2 (61... Re4 $1 62. Re8 Kg5 63. Rg8+ Kf4 64. Nc4 Re1 $10) 62. Re8 $1
$18 Kg5 (62... Rxh2 63. Rh8+ Kg5 64. Nf3+ $18) 63. Ke3 Ra2 64. Rg8+ Kf6 65. Nf3
Ra3+ 66. Kf2 Ra2+ 67. Kg1 Ra1+ 68. Kg2 Ra2+ 69. Kh1 $1 h3 (69... Ra1+ 70. Rg1
Ra4 71. Kg2 Rf4 (71... Ra2+ 72. Kh3 Ra3 73. Rf1) 72. Rd1) 70. Ng1 Ra1 71. Rg3
f4 72. Rxh3 Kf5 (72... Ra2 73. Rf3 Kf5 74. Nh3 $1 Kg4 75. Rf2 $18) 73. Rf3 Ke4
74. Rf2 f3 75. h3 Ra3 76. h4 Ra5 (76... Kf4 77. Rxf3+ Rxf3 78. Nxf3 $18) 77.
Kh2 1-0

[Event "Dresden zt 1.2"]
[Site "Dresden"]
[Date "1998.05.06"]
[Round "8"]
[White "Dizdarevic, Emir"]
[Black "Wahls, Matthias"]
[Result "0-1"]
[WhiteElo "2540"]
[BlackElo "2605"]
[Annotator "Tischbierek,R"]
[PlyCount "70"]
[EventDate "1998.04.28"]
[EventType "swiss"]
[EventRounds "11"]
[EventCountry "GER"]
[SourceTitle "CBM 065"]
[Source "ChessBase"]
[SourceDate "1998.08.06"]
[SourceVersion "1"]
[SourceVersionDate "1998.08.06"]
[SourceQuality "1"]

1. Nf3 Nf6 2. g3 b5 3. Bg2 Bb7 4. O-O e6 5. d3 Be7 6. e4 d6 7. a4 b4 $5 (7...
a6 8. axb5 axb5 9. Rxa8 Bxa8 10. Na3 b4 11. Nc4 O-O 12. Bd2 Nc6 13. Qa1 d5 $11
{Saidy,A-Karpov,A/ San Antonio 1972/ 0-1 (52)}) 8. c3 $5 $146 (8. Nbd2 O-O (
8... a5 9. Re1 O-O 10. Nc4 Nbd7 11. Bd2 d5 12. exd5 Nxd5 13. Nfe5 c5 14. Qe2
Nxe5 15. Nxe5 Qc7 16. f4 Bf6 $15 {Liang Jinrong-Urday,H/ Dubai olm 1986/ 0-1 
(60)}) 9. b3 c5 10. Bb2 Nc6 11. Re1 Nd7 12. Nc4 Na5 13. Nfd2 Nxc4 14. Nxc4 Qc7
15. Qg4 Bf6 $15 {Garbett,P-Lee,G/ BCF-ch 1978/ 1/2-1/2 (42)}) 8... Nc6 9. a5
bxc3 10. bxc3 Rb8 11. Re1 a6 12. d4 Na7 13. Qc2 O-O 14. c4 d5 15. e5 Ne4 16. c5
Nc6 17. Nbd2 f6 18. exf6 Bxf6 19. Ra4 Ba8 $13 20. Bb2 Qe8 21. Ba1 (21. Raa1 {
Wahls} Nxf2 $1 22. Kxf2 Rxb2 23. Qxb2 Bxd4+ $19) 21... Nb4 22. Qd1 Nd3 23. Rf1
Nb2 $1 24. Bxb2 Rxb2 25. Nxe4 dxe4 26. Ne1 (26. Ne5 {Wahls} Bxe5 27. dxe5 e3 $1
$19) 26... Bc6 27. Ra3 Bb5 28. Bxe4 Be2 (28... Bxf1 29. Kxf1 Qb5+ 30. Kg1 (30.
Nd3 Rb1 $19) (30. Bd3 Bxd4 $19) (30. Qd3 Bxd4 $19) (30. Rd3 Bxd4 $19) 30...
Rxf2 $1 {[%cal Rb5f1]} 31. Nd3 (31. Kxf2 Bxd4+ 32. Kg2 Qf1#) 31... Bxd4 $19)
29. Qc1 (29. Qa4 {Wahls} Qxa4 30. Rxa4 Bxf1 31. Kxf1 Bxd4 32. Rxd4 Rbxf2+ 33.
Kg1 Rf1+ 34. Kg2 Rxe1 $19) 29... Bxd4 30. Nf3 (30. Nd3 Bxf1 $19) 30... Bxf1 31.
Nxd4 Rfxf2 32. Nc2 (32. Rf3 {Comp Fritz8} Rg2+ $142 (32... Rxf3 $143 $2 33.
Nxf3 (33. Bxf3 $2 Qb8 34. Qxf1 Rb1 35. Bd1 Qd8 $19) 33... Rb4 34. Qxf1 Rxe4 35.
Qxa6 $19 {mit großem schwarzen Vorteil, aber Weiss hat noch Schwindelchancen.}
(35. Qd3)) 33. Kxf1 ({Auf} 33. Kh1 {gewinnt} Rxh2+ {kurz und schmerzlos:} 34.
Kg1 Rh1+ $1 35. Kxh1 Qh5+ 36. Kg1 Qh2+ ({oder} 36... Rg2+ 37. Kxf1 Qh1#) 37.
Kxf1 Qh1#) 33... Rxh2 {[%cal Rh2h1]} 34. Rf4 Qh5 35. Rh4 Rbf2+ 36. Kg1 Rxh4 37.
Kxf2 (37. gxh4 Qxh4 {[%cal Rh4g3]} 38. Bg2 Qxd4 $19) 37... Rxe4 $19) 32...
Rbxc2 $1 33. Bxc2 Qh5 $1 34. Bxh7+ (34. h4 Qe2 $19) (34. Kxf2 Qe2+ 35. Kg1 Qg2#
) 34... Kxh7 35. Qb1+ g6 0-1

[Event "EU-chT (Men) 16th"]
[Site "Heraklion"]
[Date "2007.10.29"]
[Round "2"]
[White "Kozul, Zdenko"]
[Black "Tiviakov, Sergei"]
[Result "0-1"]
[WhiteElo "2609"]
[BlackElo "2643"]
[Annotator "Tiviakov,S"]
[PlyCount "82"]
[EventDate "2007.10.28"]
[EventType "team-swiss"]
[EventRounds "9"]
[EventCountry "GRE"]
[SourceTitle "CBM 121"]
[Source "ChessBase"]
[SourceDate "2007.11.14"]
[SourceVersion "1"]
[SourceVersionDate "2007.11.14"]
[SourceQuality "1"]
[WhiteTeam "Croatia"]
[BlackTeam "Netherlands"]
[WhiteTeamCountry "CRO"]
[BlackTeamCountry "NED"]

1. Nf3 Nf6 2. g3 b6 3. Bg2 Bb7 4. O-O e6 5. d3 d5 6. Nbd2 Nbd7 7. Re1 Bc5 $5 8.
e3 O-O 9. a3 $146 (9. b3 Re8 10. Bb2 e5 11. e4 $6 (11. d4 $11) (11. Nxe5 Nxe5
12. d4 $11 (12. Bxe5 Rxe5 13. d4 Bxd4 14. exd4 Rxe1+ 15. Qxe1 $11)) 11... dxe4
12. dxe4 Qe7 (12... Ng4 $5 13. Re2 Ba6 14. c4 Bb7 $15) 13. Qe2 a5 14. a3 g6 15.
Rf1 Bd6 16. Ne1 Nc5 17. Nd3 Rad8 18. Nxc5 Bxc5 19. Kh1 Ba6 20. c4 Bd4 21. Nb1
a4 22. bxa4 Qc5 23. Rc1 Bxf2 24. Qf3 Re6 25. Nc3 Rd2 26. Bh3 Red6 27. Nd5 Rxb2
28. Nxf6+ Rxf6 29. Qxf6 Bd4 30. Be6 Rf2 31. Qd8+ Kg7 32. Rab1 fxe6 33. Rf1 Bxc4
34. Rxf2 Bxf2 35. Kg2 Bd4 36. Rc1 g5 37. Rxc4 Qxc4 38. Qe7+ Kg6 39. Qe8+ Kf6
40. Qf8+ Kg6 41. Qg8+ Kf6 42. Qf8+ {1/2-1/2 Tseitlin,M-Polovodin,I/Leningrad
1979/EXT 2002 (42)}) 9... a5 10. b3 Re8 11. Bb2 e5 $5 12. e4 (12. d4 Bd6 $11 (
12... exd4 13. Nxd4 $11)) (12. Nxe5 Nxe5 13. d4 (13. Bxe5 Rxe5 14. d4 Bxd4 15.
exd4 Rxe1+ 16. Qxe1 $11) 13... Bd6 14. dxe5 Bxe5 15. Bxe5 Rxe5 $11) 12... dxe4
13. dxe4 $6 (13. Nxe4 Nxe4 14. dxe4 $11) 13... Ng4 $1 14. Re2 (14. Rf1 Ba6 15.
c4 $15 {><d4}) 14... Ba6 $1 15. c4 Qe7 $15 {[><d4]} 16. h3 Ngf6 17. Qc2 Bb7 (
17... c6 $15) 18. Nb1 $5 (18. Nh4 g6 $15) 18... c6 19. Bc3 (19. Nc3 $142 $15)
19... b5 $1 20. Bb2 (20. cxb5 cxb5 $15 {|^[+], <<}) 20... bxc4 $1 (20... b4 21.
a4 $11) 21. bxc4 Bd6 $5 {[/\Nc5, Nfd7, Ne6, c5, Nd4, ><d4]} (21... Ba6 22. Nbd2
Rab8 23. Bc3 Bb6 $15) 22. Nh4 g6 23. Nd2 Nc5 24. Nhf3 Nfd7 25. Nf1 Ne6 (25...
a4 26. Rd1 $11) 26. Ne3 c5 $1 27. Nd5 (27. Rb1 Reb8 28. Nd5 Qd8 $15 {/\Nd4})
27... Qd8 28. Qa4 (28. Rb1 Bc6 $15 {/\Nd4}) 28... Bxd5 29. cxd5 Nd4 30. Ree1 (
30. Nxd4 cxd4 $15 {/\Nc5}) 30... Nb6 31. Qd1 Qd7 {(/\Na4, Nc4)} 32. Rb1 Nc4 33.
Bc1 (33. Bf1 $2 Nxf3+ 34. Qxf3 Nd2 $19) (33. Nd2 Nxd2 34. Qxd2 Reb8 $15) 33...
Rab8 34. Rxb8 Rxb8 35. Bf1 Nb2 $1 36. Bxb2 Rxb2 37. Kg2 (37. Re3 $15) 37... Qd8
$5 {[/\Qf6, ><f2]} 38. Nd2 (38. Re3 Qf6 39. Rc3 $15) 38... Qf6 39. Re3 c4 $5 (
39... h5 $5) 40. Be2 $6 (40. Bxc4 Bc5 $44) 40... Bc5 41. Nxc4 $4 {(+)} (41.
Bxc4 $44) 41... Rxe2 $19 0-1

[Event "World U20-ch22"]
[Site "Belfort"]
[Date "1983.08.22"]
[Round "10"]
[White "Trindade, Sandro Heleno"]
[Black "Georgiev, Kiril"]
[Result "0-1"]
[WhiteElo "2320"]
[BlackElo "2410"]
[Annotator "Trintade,S/Primel,D"]
[PlyCount "110"]
[EventDate "1983.08.12"]
[EventType "swiss"]
[EventRounds "13"]
[EventCountry "FRA"]
[SourceTitle "EXT 2004"]
[Source "ChessBase"]
[SourceDate "2003.11.25"]
[SourceVersion "1"]
[SourceVersionDate "2003.11.25"]
[SourceQuality "1"]

1. e4 {Trintade: Georgiev a dans ce championnat un calme impressionnant avec
un jeu trés incisif.} c5 2. Nf3 d6 3. g3 Nf6 4. d3 g6 5. Bg2 Bg7 6. O-O O-O (
6... Nc6 7. c3) 7. c3 (7. Nbd2) 7... Nc6 8. Qe2 (8. Re1 $142 {plus souple} e5
9. a3 d5 {Larsen,B (2630)-Menvielle Laccourreye,A (2365) Las Palmas 1974 (14)
1-0}) (8. Nbd2 $142 e5 9. Re1 (9. a4) 9... h6 10. Nf1 Be6 $11) 8... Bg4 $146 {
Une nouveauté un peu douteuse car c'est rarement une bonne case de
développement pour le B de cases blanches} (8... Rb8) (8... Qc7) (8... e5 $142
$1 {[%csl Re2]} 9. h3 (9. Nbd2 h6 10. Rd1 Be6 11. Nf1 {[%cal Gf1e3];
Bouwmeester,H-Kramer,H Munich zt 1954 (3) 1/2}) 9... Rb8 (9... d5)) 9. h3 Bxf3
(9... Bd7 $143 10. Be3 e5 11. Kh2) 10. Qxf3 Rb8 11. Qe2 {[%cal Gf2f4] Une
perte de temps et il vallait mieux pour les Blancs continuer à se développer}
(11. a4 $142 a6 12. Be3 b5 13. Nd2) 11... b5 12. Rd1 {[%csl Ra1,Rb1,Rc1] Le
plan est trop lent} b4 $132 13. d4 $6 {les blancs sont en retard de
développement et l'ouverture du jeu est dangereuse même si il est logique de
réagir au centre à une attaque adverse à l'aile.} bxc3 14. bxc3 cxd4 15.
cxd4 Nd7 $132 (15... d5 16. Bf4 $2 Nxe4 $1 {[%cal Gf4b8] Exploitant l'avance
de développement} 17. Bxb8 Qxb8 18. Bxe4 dxe4 19. Qxe4 Bxd4 $1 20. Rxd4 Nxd4
21. Qxd4 $2 (21. Nd2 $142) 21... Rd8 {[%cal Gb8b2]} 22. Qe4 Qb2 $19) 16. Be3 e5
17. dxe5 Bxe5 18. Nc3 Bxc3 19. Rac1 Qf6 20. Rd3 Nd4 $1 {[%csl Re2]} 21. Qd1 Nb5
22. a4 {le brésilien est sur la corde raide pour préserver l'équilibre
matériel} Bb2 23. axb5 $1 (23. Rc2 Nc3 $40) 23... Bxc1 24. Qxc1 (24. Rxd6 $5
Bxe3 $1 (24... Qc3 25. Rc6) 25. Rxf6 Nxf6 $13 {Les R doivent être plus fortes
que la Q mais les Blancs avaient peut-être des meilleures chances pratiques
que dans la partie}) 24... Rxb5 25. Bxa7 (25. Ra3 Nc5 26. Rxa7) 25... Nc5 $36 {
[%csl Gc5]} 26. Ra3 Re8 27. Bf1 Qb2 $1 28. Rc3 Rb3 $1 29. Qxb2 Rxb2 $19 30.
Bxc5 dxc5 31. Rxc5 Rxe4 32. Bc4 Re7 33. Rd5 Rc7 34. Rd4 Kg7 35. Bf1 Rc1 36. Kg2
Rbb1 37. Bd3 Rg1+ 38. Kf3 Rb6 39. Be4 Rb2 40. Bd3 Rd1 41. Ke3 {Ajournement}
Re1+ 42. Kf3 Re6 43. Rf4 Rb3 44. Rd4 Rf6+ 45. Ke3 Rb2 {[%csl Gb2]} 46. f4 Re6+
47. Re4 Rd6 (47... Rxe4+ {Le gain serait probablement plus difficile pour les
Noirs après cet échange}) 48. Be2 Rc6 49. Kf2 Kf6 50. Re3 h6 51. Kf3 Rbc2 52.
Bd3 Rh2 53. Bf1 Rc1 54. Be2 Rxh3 55. f5 gxf5 {Avec ce gain avec les Noirs, le
bulgare accentue son avance car SALOV qui a annulé a maintenant un point de
retard.} 0-1

[Event "Dortmund GM"]
[Site "Dortmund"]
[Date "2000.07.12"]
[Round "5"]
[White "Mainka, Gregor"]
[Black "Mikhalchishin, Adrian"]
[Result "0-1"]
[WhiteElo "2357"]
[BlackElo "2544"]
[Annotator "Wells,P"]
[PlyCount "52"]
[EventDate "2000.07.07"]
[EventType "tourn"]
[EventRounds "9"]
[EventCountry "GER"]
[EventCategory "9"]
[SourceTitle "CBM 078"]
[Source "ChessBase"]
[SourceDate "2000.10.18"]
[SourceVersion "1"]
[SourceVersionDate "2000.10.18"]
[SourceQuality "1"]

1. Nf3 Nf6 2. g3 d5 3. Bg2 g6 4. b3 Bg7 5. Bb2 c5 6. c4 d4 7. b4 O-O 8. O-O
Nfd7 9. d3 e5 10. a3 Nc6 11. Nbd2 a5 12. b5 Ne7 13. Qc2 Nf5 14. Rfe1 Rb8 15. e3
b6 16. exd4 cxd4 17. Re2 Bb7 18. Rae1 f6 19. a4 Rf7 20. Bh3 Nc5 21. Ba3 Bf8 22.
g4 $2 {[%csl Rf4,Rg1][%cal Gb7h1,Yg4g5] White wants to undermine black's
imposing pawn phalanx. However, the weakness on f4 and its implications for
the light squares are just too much.} Ng7 23. g5 Nce6 $1 24. Bxe6 {A necessary
tempo for white's plan, but to get the intended gxf6 shot in at black's pawns
requires that all captures will be met with a routine recapture.} Nxe6 25. Bxf8
Nf4 $1 {[%csl Rf1,Rf3,Rf8,Rg2,Rh3][%cal Gd8d7,Gd7g4,Gb7h1] Black will simply
win on the light squares. An interesting sacrifice, in the sense that the
recapture of a bishop that does not operate on the critical colour complex is
just delightfully irrelevant here!} 26. Bh6 Qd7 0-1